| Record ID | marc_loc_2016/BooksAll.2016.part01.utf8:230032820:1111 |
| Source | Library of Congress |
| Download Link | /show-records/marc_loc_2016/BooksAll.2016.part01.utf8:230032820:1111?format=raw |
LEADER: 01111cam a22002171 4500
001 02007199
003 DLC
005 20050811184332.0
008 721130s1866 xx 000 0 eng
010 $a 02007199
035 $a(OCoLC)504798
040 $aDLC$cODaU$dOCoLC$dDLC
042 $apremarc
050 00 $aE83.794$b.B78
100 1 $aBoyer,$cLieutenant.
245 12 $aA journal of Wayne's campaign. $bBeing an authentic daily record of the most important occurrences during the campaign of Major General Anthony Wayne, against the northwestern Indians;$ccommencing on the 28th day of July, and ending on the 2d day of November, 1794; including an account of the great battle of August 20th. By Lieutenant Boyer.
260 $aCincinnati,$bPrinted for W. Dodge, by J.F. Uhlhorn,$c1866.
300 $a23 p. $c25 cm.
500 $aOriginally printed in the American pioneer, Cincinnati, 1842, v.1, p. 315-322, 351-357.
500 $aA letter (v.1, p. 294) by the owner of the manuscript, who was himself in Wayne's army, states that the Journal was written by "a Lieutenant Boyer."
650 0 $aWayne's Campaign, 1794